000 00711nam a2200253Ia 4500
003 OSt
005 20220918223618.0
006 a|||||r|||| 00| 0
007 ta
008 220917b |||||||| |||| 00| 0 eng d
024 _a224,146
037 _cTextual
040 _aARTS
_cARTS
_beng
041 _2eng
_aeng
082 _a2:(D65,8(B):71), P4(2D)
100 _aPanwar Suresh
_924938
245 0 _aLibrarian's guide to www
260 _aNew Delhi
_bEss Ess Publications
_c2004
300 _aiv,239p.
_ccm.
650 _aLIBRARY SCIENCE
700 _a Murthy T.A.V.
_924939
942 _h2:(D65,8(B):71), P4(2D)
_cTEXL
_2CC
999 _c278957
_d278957